[Event "World Blitz 2023"]
[Site "Samarkand UZB"]
[Date "2023.12.29"]
[EventDate "2023.12.29"]
[Round "11.11"]
[Result "1/2-1/2"]
[White "Anton Korobov"]
[Black "Denis Makhnev"]
[WhiteElo "2649"]
[BlackElo "2528"]
[PlyCount "76"]

1. c4 e5 2. d3 Nf6 3. Nf3 Nc6 4. a3 g6 5. b4 d6 6. Bb2 Bg7 7. e3 O-O 8.
Nbd2 Ne8 9. Qc2 f5 10. Be2 Kh8 11. O-O g5 12. g3 h6 13. c5 Nf6 14. Rac1 a6
15. cxd6 cxd6 16. e4 f4 17. d4 Qe8 18. Nc4 Bg4 19. dxe5 dxe5 20. Nfxe5 Bxe2
21. Qxe2 Nxe5 22. Nxe5 Nh5 23. Rc7 Bxe5 24. Bxe5+ Qxe5 25. Rxb7 Nf6 26. Rc1
fxg3 27. hxg3 Qxe4 28. Qxe4 Nxe4 29. Rc6 Rf6 30. Rcc7 Rg6 31. Kg2 Rf8 32.
f3 Nd2 33. a4 Nxf3 34. b5 axb5 35. axb5 g4 36. b6 Re8 37. Ra7 Rxb6 38. Rh7+
Kg8 1/2-1/2

[Event "World Blitz 2023"]
[Site "Samarkand UZB"]
[Date "2023.12.29"]
[EventDate "2023.12.29"]
[Round "11.13"]
[Result "0-1"]
[White "Vasquez Schroeder, Rodrigo"]
[Black "Yangyi Yu"]
[WhiteElo "2582"]
[BlackElo "2762"]
[PlyCount "110"]

1. d4 Nf6 2. Nf3 e6 3. e3 b6 4. Bd3 Bb7 5. O-O g6 6. b3 Bg7 7. Bb2 O-O 8.
Nbd2 d6 9. e4 Nbd7 10. Re1 c5 11. c3 Qc7 12. Qe2 Rfe8 13. Rad1 Rad8 14. Ba6
Ba8 15. Bb5 Bc6 16. Bxc6 Qxc6 17. c4 Qb7 18. Qf1 cxd4 19. Bxd4 a6 20. a4
Nc5 21. Qe2 e5 22. Bc3 Rb8 23. Bb4 Qc6 24. Rc1 h5 25. Ba3 Ne6 26. g3 Nd7
27. h4 Ndc5 28. Rb1 Bh6 29. Bb4 Red8 30. Nf1 Re8 31. Bd2 Bg7 32. Bc3 b5 33.
cxb5 axb5 34. a5 Nxe4 35. Qxe4 Qxc3 36. b4 Qc8 37. Ne3 Nd4 38. Nd5 f5 39.
Qe3 Qc6 40. Nxd4 Qxd5 41. Nf3 e4 42. Red1 Qc4 43. Ng5 d5 44. Qa7 d4 45.
Rbc1 Qd5 46. Rc5 Qb3 47. Rdc1 e3 48. Rc7 exf2+ 49. Kg2 Be5 50. R7c4 Qxg3+
51. Kf1 Qg1+ 52. Ke2 Bf4+ 53. Kd3 f1=Q+ 54. Rxf1 Qxf1+ 55. Kxd4 Qxc4# 0-1

[Event "World Blitz 2023"]
[Site "Samarkand UZB"]
[Date "2023.12.29"]
[EventDate "2023.12.29"]
[Round "11.14"]
[Result "1-0"]
[White "AR Saleh Salem"]
[Black "Klementy Sychev"]
[WhiteElo "2668"]
[BlackElo "2583"]
[PlyCount "108"]

1. d4 d5 2. c4 dxc4 3. Nf3 Nf6 4. e3 e6 5. Bxc4 a6 6. O-O Nbd7 7. a4 c5 8.
Qe2 Bd6 9. Nc3 Qc7 10. Rd1 O-O 11. d5 Nb6 12. e4 exd5 13. Nxd5 Nbxd5 14.
Bxd5 Nxd5 15. Rxd5 Be6 16. Rh5 f6 17. e5 Bxe5 18. Nxe5 fxe5 19. Rxe5 Bf7
20. Bf4 Qc6 21. a5 Rae8 22. Re1 h6 23. Qe3 Rxe5 24. Bxe5 Re8 25. f4 c4 26.
h3 Rd8 27. Bc3 Re8 28. Be5 Rd8 29. Kh2 Rd3 30. Qf2 Qd5 31. Bc3 Qd7 32. Re5
Rd5 33. Re2 Rd3 34. Re1 Kh7 35. Re5 Rd5 36. Re2 Rd3 37. Qe1 Qf5 38. Qf2 Rd7
39. Re5 Qg6 40. Re3 Qf5 41. Rg3 Bd5 42. Qd4 Qf7 43. Qe5 Re7 44. Qd6 Rd7 45.
Qb8 Bc6 46. Rxg7+ Qxg7 47. Bxg7 Rxg7 48. g4 Re7 49. f5 Re2+ 50. Kg3 Rxb2
51. Qc7+ Kg8 52. Qd8+ Kf7 53. Qc7+ Kg8 54. f6 1-0

[Event "World Blitz 2023"]
[Site "Samarkand UZB"]
[Date "2023.12.29"]
[EventDate "2023.12.29"]
[Round "11.15"]
[Result "1/2-1/2"]
[White "Nodirbek Yakubboev"]
[Black "Evgeny Tomashevsky"]
[WhiteElo "2582"]
[BlackElo "2663"]
[PlyCount "46"]

1. d4 Nf6 2. Nf3 d5 3. Bf4 e6 4. e3 c5 5. Be2 Bd6 6. dxc5 Qa5+ 7. Nbd2 Qxc5
8. O-O O-O 9. c4 Bxf4 10. exf4 b6 11. cxd5 Nxd5 12. Rc1 Qe7 13. g3 Bb7 14.
Ne5 Nd7 15. Ndf3 Nxe5 16. Nxe5 Rac8 17. Qa4 Rc7 18. Rxc7 Qxc7 19. Rd1 a5
20. Bf3 Rd8 21. Qc4 Rc8 22. Qxc7 Rxc7 23. Rd2 1/2-1/2

[Event "World Blitz 2023"]
[Site "Samarkand UZB"]
[Date "2023.12.29"]
[EventDate "2023.12.29"]
[Round "11.16"]
[Result "1-0"]
[White "Santosh Gujrathi Vidit"]
[Black "Nikita Petrov"]
[WhiteElo "2642"]
[BlackElo "2521"]
[PlyCount "90"]

1. d4 Nf6 2. c4 c6 3. Nc3 d5 4. cxd5 cxd5 5. Bf4 Nc6 6. e3 Bf5 7. Nf3 e6 8.
Bb5 Nd7 9. O-O Be7 10. Bg3 O-O 11. Rc1 Rc8 12. Na4 Bg4 13. h3 Bxf3 14. Qxf3
Qa5 15. Qe2 a6 16. Bxc6 bxc6 17. b3 c5 18. dxc5 Nxc5 19. Nxc5 Rxc5 20. Rxc5
Bxc5 21. Rc1 h6 22. Be5 Re8 23. Qc2 Bf8 24. Qc6 Qb5 25. a4 Qxc6 26. Rxc6 a5
27. Ra6 Bb4 28. Bc7 Kf8 29. g4 Rc8 30. Ra7 Ke8 31. Kg2 g6 32. h4 Bc5 33.
Rb7 Bb4 34. h5 gxh5 35. gxh5 Ra8 36. Bf4 Bf8 37. Kf3 Rc8 38. Rb5 Rc3 39.
Rxa5 Rxb3 40. Ra8+ Ke7 41. a5 Bg7 42. a6 Ra3 43. a7 Bd4 44. Bxh6 Bxa7 45.
Bf8+ 1-0

[Event "World Blitz 2023"]
[Site "Samarkand UZB"]
[Date "2023.12.29"]
[EventDate "2023.12.29"]
[Round "11.17"]
[Result "1-0"]
[White "M Amin Tabatabaei"]
[Black "Shant Sargsyan"]
[WhiteElo "2573"]
[BlackElo "2633"]
[PlyCount "44"]

1. e4 e5 2. Nf3 Nc6 3. Bc4 Nf6 4. d3 Bc5 5. O-O h6 6. c3 d6 7. Re1 a5 8.
Nbd2 O-O 9. h3 Be6 10. b3 Re8 11. a4 Ba7 12. Bb2 d5 13. exd5 Bxd5 14. Qc2
Bxc4 15. Nxc4 Qd5 16. Rad1 Rad8 17. Bc1 Bc5 18. Be3 Bf8 19. d4 e4 20. Nfe5
b6 21. Bf4 Ne7 22. Bh2 Nf5 1-0

[Event "World Blitz 2023"]
[Site "Samarkand UZB"]
[Date "2023.12.29"]
[EventDate "2023.12.29"]
[Round "11.18"]
[Result "1/2-1/2"]
[White "Aleksandar Indjic"]
[Black "Vladislav Kovalev"]
[WhiteElo "2631"]
[BlackElo "2539"]
[PlyCount "98"]

1. d4 Nf6 2. Nf3 e6 3. Bg5 d5 4. c4 Be7 5. Qc2 Ne4 6. Bxe7 Qxe7 7. e3 c6 8.
Bd3 f5 9. Nc3 Nd7 10. O-O O-O 11. Rab1 g5 12. Ne1 Ndf6 13. f3 Nd6 14. b3
Bd7 15. c5 Nf7 16. f4 Ne4 17. Nf3 g4 18. Ne5 Nxe5 19. fxe5 Be8 20. Bxe4
dxe4 21. Ne2 Bf7 22. Nf4 h5 23. b4 a6 24. a4 h4 25. Qc4 Kg7 26. Rb2 Rfd8
27. Qc3 Qd7 28. Rfb1 Ra7 29. Qe1 Qe7 30. Qc3 Rda8 31. g3 h3 32. Kf2 Qd7 33.
Ke2 Be8 34. Rd1 Bf7 35. b5 axb5 36. axb5 Ra3 37. Rb3 Ra2+ 38. Rd2 cxb5 39.
d5 Rxd2+ 40. Kxd2 Ra2+ 41. Rb2 Rxb2+ 42. Qxb2 Kf8 43. Qb4 Kg7 44. Qd4 Qc8
45. dxe6 Bxe6 46. Qd6 Kf7 47. Kc3 Qc6 48. Kb4 Qd7 49. Ka5 Qc6 1/2-1/2

[Event "World Blitz 2023"]
[Site "Samarkand UZB"]
[Date "2023.12.29"]
[EventDate "2023.12.29"]
[Round "11.19"]
[Result "1-0"]
[White "Zhamsaran Tsydypov"]
[Black "Arseniy Nesterov"]
[WhiteElo "2626"]
[BlackElo "2488"]
[PlyCount "78"]

1. d4 d5 2. Nc3 Nf6 3. Bf4 e6 4. Nb5 Bd6 5. Nxd6+ cxd6 6. e3 Nc6 7. Nf3 O-O
8. h3 Re8 9. c3 h6 10. Be2 e5 11. Bh2 Bf5 12. O-O Qb6 13. Qb3 Qc7 14. Rfd1
a6 15. a4 Rad8 16. Rac1 Na5 17. Qb4 Nc6 18. Qa3 Be6 19. b4 Ra8 20. Qb2 Nd7
21. c4 Qb6 22. dxe5 Qxb4 23. Qxb4 Nxb4 24. exd6 Rac8 25. Nd4 dxc4 26. Nxe6
fxe6 27. Rxc4 Rxc4 28. Bxc4 Kf7 29. Rb1 a5 30. Bb5 Rd8 31. Rc1 Nd5 32. e4
N5f6 33. Rc7 e5 34. Bxe5 Kg6 35. Bg3 Nf8 36. e5 Nd5 37. Rxb7 Nb4 38. Bh4
Rc8 39. d7 1-0

[Event "World Blitz 2023"]
[Site "Samarkand UZB"]
[Date "2023.12.29"]
[EventDate "2023.12.29"]
[Round "11.20"]
[Result "1-0"]
[White "Aleksandr Shimanov"]
[Black "Aleksandr Rakhmanov"]
[WhiteElo "2611"]
[BlackElo "2521"]
[PlyCount "206"]

1. Nf3 Nf6 2. c4 d6 3. Nc3 e5 4. g3 c6 5. Bg2 Be7 6. O-O O-O 7. d3 a5 8. a3
h6 9. Rb1 Bf5 10. b4 axb4 11. axb4 Bh7 12. Nd2 Nbd7 13. b5 Qc7 14. Bb2 Rfd8
15. Ra1 Nc5 16. Qc2 Ne6 17. Rxa8 Rxa8 18. Nb3 Qd7 19. bxc6 bxc6 20. Ra1 Rb8
21. Nb1 c5 22. Nc3 Nd4 23. Nxd4 exd4 24. Nd5 Nxd5 25. Bxd5 Bf5 26. Bc1 Be6
27. Bf3 Bg4 28. Bd5 Be6 29. Bh1 Qc7 30. Bf4 Qb6 31. Bf3 Bf8 32. h4 Be7 33.
h5 Bf8 34. Kg2 Be7 35. Ra3 Bf8 36. Qa2 Be7 37. Ra6 Qd8 38. Qa4 Bc8 39. Ra7
Be6 40. Qc6 Rc8 41. Qa6 Bf8 42. Qb7 Rb8 43. Qc6 Rc8 44. Qb7 Rb8 45. Qa6 Bc8
46. Qa5 Qxa5 47. Rxa5 Be6 48. Ra6 Rd8 49. Bd5 Bxd5+ 50. cxd5 Be7 51. Kf3
Kf8 52. g4 Ke8 53. e3 dxe3 54. fxe3 Kd7 55. Ra7+ Ke8 56. Ke4 Rb8 57. Ra6
Kd7 58. Ra7+ Ke8 59. Kf5 Rc8 60. Ra6 Kd7 61. Ra7+ Ke8 62. e4 c4 63. dxc4
Rxc4 64. Ra8+ Kd7 65. Ra7+ Ke8 66. Ra8+ Kd7 67. Rg8 Bf6 68. Bxh6 Rc2 69.
Bf4 Rf2 70. Rf8 Be5 71. Rxf7+ Ke8 72. Kg6 Bxf4 73. g5 Rf1 74. Rxg7 Be5 75.
Rg8+ Ke7 76. h6 Rf4 77. h7 Rh4 78. Ra8 Kd7 79. Kf5 Rf4+ 80. Kg6 Rh4 81.
Ra7+ Ke8 82. Ra2 Ke7 83. Ra4 Kf8 84. Ra7 Ke8 85. Rg7 Kf8 86. Rf7+ Ke8 87.
Rf5 Bd4 88. Rf3 Rxe4 89. Rd3 Be5 90. Rh3 Rd4 91. h8=Q+ Bxh8 92. Rxh8+ Ke7
93. Rh7+ Kf8 94. Kf6 Kg8 95. g6 Rf4+ 96. Ke6 Rg4 97. Kf6 Rf4+ 98. Kg5 Rd4
99. Rd7 Kf8 100. Rxd6 Ke7 101. Re6+ Kd7 102. Re5 Kd6 103. Rf5 1-0

[Event "World Blitz 2023"]
[Site "Samarkand UZB"]
[Date "2023.12.29"]
[EventDate "2023.12.29"]
[Round "11.21"]
[Result "1-0"]
[White "Javokhir Sindarov"]
[Black "Jinshi Bai"]
[WhiteElo "2607"]
[BlackElo "2516"]
[PlyCount "92"]

1. e4 e5 2. Nf3 Nc6 3. Bc4 Nf6 4. d3 d5 5. exd5 Nxd5 6. O-O Be7 7. Re1 f6
8. a4 Bf5 9. a5 Qd7 10. c3 a6 11. b4 O-O 12. Qb3 Rfd8 13. Nbd2 Kh8 14. Ne4
Bf8 15. h3 Be6 16. Bd2 Qf7 17. b5 axb5 18. Qxb5 Rab8 19. Rab1 Nf4 20. Bxf4
Bxc4 21. dxc4 exf4 22. a6 Na7 23. Qf5 bxa6 24. Nfg5 Qh5 25. Nxf6 gxf6 26.
Rxb8 Rxb8 27. Qxf6+ Bg7 28. Qf5 Rf8 29. Re8 Rxe8 30. Nf7+ Qxf7 31. Qxf7 Rc8
32. Qxf4 a5 33. Qf5 Bxc3 34. Qc5 Ra8 35. Qxc7 Bd4 36. Qd7 Bc5 37. Qc7 Rc8
38. Qxa5 Kg7 39. g4 Rc6 40. Kg2 Nc8 41. Qc3+ Kg8 42. Qe5 Ne7 43. f4 Kf7 44.
f5 Bb6 45. g5 Ke8 46. f6 1-0

[Event "World Blitz 2023"]
[Site "Samarkand UZB"]
[Date "2023.12.29"]
[EventDate "2023.12.29"]
[Round "11.22"]
[Result "1-0"]
[White "Mahammad Muradli"]
[Black "Alexander Grischuk"]
[WhiteElo "2551"]
[BlackElo "2699"]
[PlyCount "136"]

1. d4 d5 2. Nf3 Nf6 3. c4 c6 4. e3 Bg4 5. h3 Bh5 6. Nc3 e6 7. g4 Bg6 8. Ne5
Nbd7 9. Nxg6 hxg6 10. Bg2 dxc4 11. Qe2 e5 12. O-O Be7 13. Rd1 exd4 14. Rxd4
Qc7 15. Qxc4 Nb6 16. Qe2 O-O 17. b3 Rad8 18. Rxd8 Rxd8 19. Bb2 Nbd5 20.
Nxd5 Nxd5 21. Rd1 Bf6 22. Bxd5 Rxd5 23. Rxd5 cxd5 24. Bxf6 gxf6 25. Qb5 Qe5
26. Qxb7 Qe4 27. Qxa7 Qb1+ 28. Kh2 Qc2 29. Kg3 Qb1 30. Qa8+ Kg7 31. Qxd5
Qxa2 32. Kg2 Qb1 33. Qb7 f5 34. Qd5 fxg4 35. hxg4 Qa2 36. Qd4+ Kg8 37. Qd8+
Kg7 38. b4 Qb1 39. Qd4+ Kg8 40. Qc5 Qe4+ 41. Kg3 Qb1 42. Qd4 Qg1+ 43. Kf3
Qh1+ 44. Ke2 Qb1 45. Qc4 Qb2+ 46. Kf3 Qf6+ 47. Kg2 Qd6 48. b5 Qf6 49. Qc6
Qg5 50. Kf3 f5 51. gxf5 gxf5 52. Ke2 Qg4+ 53. Ke1 Qg1+ 54. Ke2 Qg4+ 55. Kd2
Qb4+ 56. Kd3 Qb1+ 57. Ke2 Qb2+ 58. Kf3 Qb4 59. Qe6+ Kh8 60. Qf6+ Kg8 61.
Qxf5 Qb3 62. Qg6+ Kh8 63. Qf6+ Kg8 64. b6 Qd5+ 65. Kg3 Qh1 66. Qg5+ Kf7 67.
Qf5+ Kg7 68. Qg4+ 1-0

[Event "World Blitz 2023"]
[Site "Samarkand UZB"]
[Date "2023.12.29"]
[EventDate "2023.12.29"]
[Round "11.23"]
[Result "1-0"]
[White "Fabiano Caruana"]
[Black "Hans Moke Niemann"]
[WhiteElo "2815"]
[BlackElo "2614"]
[PlyCount "88"]

1. e4 e5 2. Nf3 Nc6 3. Bb5 Nf6 4. d3 Bc5 5. Bxc6 dxc6 6. Nc3 Qe7 7. Be3 Nd7
8. Qd2 a5 9. O-O O-O 10. Ne2 Bxe3 11. Qxe3 Re8 12. Nd2 a4 13. f4 exf4 14.
Rxf4 a3 15. b3 c5 16. Raf1 Ne5 17. h3 Be6 18. R4f2 Nc6 19. Nf3 h6 20. Nf4
Rad8 21. Nxe6 fxe6 22. Nd2 b5 23. e5 Rf8 24. Ne4 Rxf2 25. Rxf2 Nb4 26. Nc3
c6 27. Qc1 Qa7 28. Qf4 c4 29. bxc4 Nxc2 30. Kh2 Nd4 31. cxb5 cxb5 32. Ne4
b4 33. Qg3 Nf5 34. Qg6 Qf7 35. Qg4 Kh8 36. Nd6 Qd7 37. Nxf5 exf5 38. Qxb4
Qxd3 39. Rf3 Qd5 40. Re3 Qxa2 41. Rxa3 Qe2 42. Qe7 Rd5 43. Qf8+ Kh7 44.
Qxf5+ 1-0

[Event "World Blitz 2023"]
[Site "Samarkand UZB"]
[Date "2023.12.29"]
[EventDate "2023.12.29"]
[Round "11.24"]
[Result "1/2-1/2"]
[White "Vladimir Fedoseev"]
[Black "Ivan Cheparinov"]
[WhiteElo "2719"]
[BlackElo "2613"]
[PlyCount "122"]

1. d4 Nf6 2. Nf3 d5 3. c4 e6 4. Nc3 c5 5. e3 Nc6 6. a3 dxc4 7. Bxc4 a6 8.
Bd3 cxd4 9. exd4 g6 10. Ne5 Bg7 11. Nxc6 bxc6 12. O-O Qxd4 13. Be3 Qd8 14.
Na4 O-O 15. Bb6 Qd5 16. Qc2 c5 17. Nxc5 Qc6 18. Ba5 Nd5 19. Rac1 Rb8 20. b4
Qd6 21. Be4 Nc3 22. Bf3 Nb5 23. Rfd1 Nd4 24. Qd3 e5 25. Qe3 Bf5 26. h3 Rfe8
27. Be4 Bxe4 28. Nxe4 Qe6 29. Nc5 Qd6 30. Re1 Rbc8 31. Qe4 Qc6 32. Qd3 Qb5
33. Qf1 Rc6 34. Rcd1 Rec8 35. a4 Qxf1+ 36. Kxf1 f6 37. f4 Kf7 38. fxe5 fxe5
39. Kg1 Kg8 40. Kh1 h5 41. Nd7 Nb3 42. Bb6 Rc4 43. a5 Rxb4 44. Nxe5 Kh7 45.
Rd7 Re8 46. Nf3 Rxe1+ 47. Nxe1 Re4 48. Nd3 Kh6 49. Ra7 Bd4 50. Rxa6 Re3 51.
Bxd4 Nxd4 52. Nf4 Kg5 53. Nxg6 Nf5 54. Kh2 Re2 55. Nf8 Ne3 56. Kg3 Nf5+ 57.
Kh2 Ne3 58. Nh7+ Kh4 59. Rg6 Nxg2 60. Rxg2 Rxg2+ 61. Kxg2 1/2-1/2

[Event "World Blitz 2023"]
[Site "Samarkand UZB"]
[Date "2023.12.29"]
[EventDate "2023.12.29"]
[Round "11.1"]
[Result "1/2-1/2"]
[White "Gadir Guseinov"]
[Black "Raunak Sadhwani"]
[WhiteElo "2563"]
[BlackElo "2668"]
[PlyCount "62"]

1. e4 c5 2. Nc3 Nc6 3. Nf3 e6 4. d4 cxd4 5. Nxd4 Qc7 6. g3 a6 7. Bg2 h5 8.
h3 Nge7 9. Nxc6 Nxc6 10. O-O Bc5 11. Kh1 d6 12. f4 b5 13. a3 Bb7 14. Qd3
Rd8 15. Be3 Na5 16. Bxc5 dxc5 17. Qe2 Nc6 18. Rad1 Nd4 19. Qf2 O-O 20. Rd2
Rd7 21. Rfd1 Rfd8 22. Rd3 a5 23. Qd2 Bc6 24. Ne2 e5 25. fxe5 Nxe2 26. Qxe2
Qxe5 27. c3 g6 28. h4 b4 29. Rxd7 Rxd7 30. Rxd7 Bxd7 31. Qe3 1/2-1/2

[Event "World Blitz 2023"]
[Site "Samarkand UZB"]
[Date "2023.12.29"]
[EventDate "2023.12.29"]
[Round "11.2"]
[Result "1-0"]
[White "Teimour Radjabov"]
[Black "Tigran L Petrosian"]
[WhiteElo "2664"]
[BlackElo "2610"]
[PlyCount "74"]

1. e4 g6 2. d4 Bg7 3. Nc3 a6 4. a4 d6 5. Nf3 Nf6 6. Be2 O-O 7. O-O b6 8.
Bg5 Bb7 9. e5 Ne4 10. Nxe4 Bxe4 11. exd6 Qxd6 12. c3 Bb7 13. Re1 e6 14. Nd2
Nd7 15. Bf3 Bxf3 16. Qxf3 c6 17. h3 Qd5 18. Qg3 c5 19. Nf3 h6 20. Be3 Qb3
21. Reb1 Rfd8 22. a5 bxa5 23. Rxa5 Qc2 24. Raa1 cxd4 25. Bxd4 Nf6 26. Qe5
Rab8 27. b4 Nh5 28. Qe3 Rbc8 29. Rc1 Qb3 30. Rxa6 Bxd4 31. Nxd4 Qc4 32.
Raa1 Nf6 33. Qxh6 Nd5 34. Ra3 Nxb4 35. Nf3 Qc5 36. Ng5 Qe5 37. Qh7+ 1-0

[Event "World Blitz 2023"]
[Site "Samarkand UZB"]
[Date "2023.12.29"]
[EventDate "2023.12.29"]
[Round "11.3"]
[Result "0-1"]
[White "Jakub Kosakowski"]
[Black "Van Foreest, Jorden"]
[WhiteElo "2485"]
[BlackElo "2664"]
[PlyCount "72"]

1. e4 e5 2. Nf3 Nc6 3. Bb5 a6 4. Ba4 Nf6 5. O-O Be7 6. Re1 b5 7. Bb3 d6 8.
c3 O-O 9. h3 d5 10. exd5 Nxd5 11. d4 exd4 12. cxd4 Bf6 13. Nc3 Nxc3 14.
bxc3 Na5 15. Bc2 Nc4 16. Bf4 Bb7 17. Ne5 Nxe5 18. Bxe5 Re8 19. Qd3 g6 20.
Qg3 Bxe5 21. Rxe5 Rxe5 22. Qxe5 Qd6 23. Re1 Bd5 24. a3 Rd8 25. Qg5 Kg7 26.
h4 h6 27. Qe3 Qf6 28. h5 gxh5 29. Qd3 Kf8 30. Re5 Re8 31. Rxd5 Re1+ 32. Kh2
Qxf2 33. Rxh5 Qg1+ 34. Kg3 Re3+ 35. Qxe3 Qxe3+ 36. Kh2 Qxc3 0-1

[Event "World Blitz 2023"]
[Site "Samarkand UZB"]
[Date "2023.12.29"]
[EventDate "2023.12.29"]
[Round "11.4"]
[Result "0-1"]
[White "Venkataraman Karthik"]
[Black "Parham Maghsoodloo"]
[WhiteElo "2440"]
[BlackElo "2660"]
[PlyCount "90"]

1. e4 c5 2. Nf3 d6 3. d4 cxd4 4. Nxd4 Nf6 5. Nc3 a6 6. Bg5 Nbd7 7. Bc4 e6
8. Qe2 h6 9. Bh4 b5 10. Bb3 Nc5 11. O-O-O Qc7 12. Bxf6 gxf6 13. f4 h5 14.
f5 b4 15. Na4 Nxb3+ 16. axb3 e5 17. Nf3 Bd7 18. Kb1 Bb5 19. Qf2 Rb8 20. Rd5
Bc6 21. Rhd1 Rb5 22. Rxb5 axb5 23. Nb6 Bxe4 24. Nd5 Bxd5 25. Rxd5 Qc6 26.
Qd2 Ke7 27. Qd3 Bh6 28. Qxb5 Rc8 29. Qxc6 Rxc6 30. Rb5 e4 31. Nd4 Rc5 32.
Rb7+ Ke8 33. Rxb4 Re5 34. c3 Be3 35. Ne2 d5 36. Rb8+ Kd7 37. Rb7+ Ke8 38.
Rb8+ Ke7 39. Rb7+ Kd6 40. Rxf7 Rxf5 41. Ng3 Rf2 42. Nxh5 Bg5 43. g3 Rxh2
44. c4 Rxh5 45. cxd5 Kxd5 0-1

[Event "World Blitz 2023"]
[Site "Samarkand UZB"]
[Date "2023.12.29"]
[EventDate "2023.12.29"]
[Round "11.6"]
[Result "0-1"]
[White "Vahap Sanal"]
[Black "Levan Pantsulaia"]
[WhiteElo "2637"]
[BlackElo "2579"]
[PlyCount "86"]

1. e4 c6 2. Nf3 d5 3. d3 Bg4 4. h3 Bh5 5. Bd2 e6 6. g4 Bg6 7. Nc3 Nd7 8.
Qe2 Ngf6 9. h4 dxe4 10. dxe4 h5 11. g5 Ng4 12. O-O-O Qb6 13. Be1 O-O-O 14.
Nd2 Bd6 15. Nc4 Bf4+ 16. Bd2 Qc7 17. f3 Bxd2+ 18. Rxd2 Nge5 19. Nd6+ Kb8
20. f4 Ng4 21. e5 f6 22. Bh3 fxe5 23. Bxg4 hxg4 24. fxe5 g3 25. Qe3 g2 26.
Rxg2 Nxe5 27. Qxe5 Rxd6 28. Re2 Bf5 29. h5 Rd7 30. Qe3 Qb6 31. Qf4+ Qc7 32.
Qe3 Qb6 33. Qg3+ Qc7 34. Qe3 Qb6 35. Qe5+ Qc7 36. b3 Qxe5 37. Rxe5 Rd4 38.
h6 Rg4 39. Kb2 Rxg5 40. Ne4 Rg2 41. h7 Re2 42. Rh4 Rxh7 43. Rxh7 0-1

[Event "World Blitz 2023"]
[Site "Samarkand UZB"]
[Date "2023.12.29"]
[EventDate "2023.12.29"]
[Round "11.7"]
[Result "1/2-1/2"]
[White "Aydin Suleymanli"]
[Black "Laurent Fressinet"]
[WhiteElo "2553"]
[BlackElo "2636"]
[PlyCount "86"]

1. e4 e5 2. Nf3 Nc6 3. Bb5 Nf6 4. d3 Bc5 5. c3 O-O 6. Bg5 h6 7. Bh4 Be7 8.
O-O d6 9. Bxc6 bxc6 10. Nbd2 c5 11. Nc4 Be6 12. Re1 Bxc4 13. dxc4 Nd7 14.
Bxe7 Qxe7 15. Nd2 Rab8 16. Qc2 Qe6 17. b3 f5 18. exf5 Qxf5 19. Ne4 Nf6 20.
f3 Nxe4 21. Rxe4 Qg6 22. Qd3 a5 23. Rb1 Kh8 24. a3 Rf4 25. b4 Rxe4 26. Qxe4
Qxe4 27. fxe4 Kg8 28. b5 Rf8 29. Re1 Rf4 30. Re3 Kf7 31. g3 Rf6 32. Kg2 Ke7
33. Re1 Rf8 34. Rb1 Kd7 35. a4 g6 36. h3 g5 37. Rb2 h5 38. Rb1 Kc8 39. Rf1
Rxf1 40. Kxf1 Kd7 41. g4 h4 42. Ke2 Kc8 43. Kd3 1/2-1/2

[Event "World Blitz 2023"]
[Site "Samarkand UZB"]
[Date "2023.12.29"]
[EventDate "2023.12.29"]
[Round "11.8"]
[Result "1-0"]
[White "Levon Aronian"]
[Black "Mikhail Kobalia"]
[WhiteElo "2772"]
[BlackElo "2558"]
[PlyCount "88"]

1. e4 c5 2. Nf3 e6 3. c3 Nf6 4. Bd3 Nc6 5. Bc2 d6 6. d4 cxd4 7. cxd4 Nb4 8.
Ba4+ Bd7 9. Nc3 Be7 10. a3 Nc6 11. Bc2 O-O 12. O-O e5 13. d5 Nb8 14. h3 Na6
15. b4 Nc7 16. Bd3 a6 17. a4 a5 18. b5 Rc8 19. Bd2 Na8 20. Ne2 h6 21. Qe1
b6 22. Ng3 Nh7 23. Qe2 Ng5 24. Nh2 Nh7 25. f4 exf4 26. Bxf4 Re8 27. Ng4 Bg5
28. Ne3 Qf6 29. Bxg5 Qxg5 30. Ngf5 Bxf5 31. Nxf5 Qf6 32. Qf2 Qe5 33. Rac1
Rc5 34. Nxd6 Rf8 35. Rxc5 bxc5 36. Nc4 Qc3 37. Qe3 Nf6 38. d6 Nd7 39. e5
Qd4 40. Qxd4 cxd4 41. Bf5 Ndb6 42. Nxa5 Nxa4 43. Nc6 g6 44. e6 1-0

[Event "World Blitz 2023"]
[Site "Samarkand UZB"]
[Date "2023.12.29"]
[EventDate "2023.12.29"]
[Round "11.9"]
[Result "0-1"]
[White "Daniel Dardha"]
[Black "Dmitry Andreikin"]
[WhiteElo "2568"]
[BlackElo "2741"]
[PlyCount "74"]

1. d4 Nf6 2. Bg5 g6 3. Bxf6 exf6 4. e3 d5 5. c4 dxc4 6. Bxc4 Bd6 7. Nc3 f5
8. Qf3 O-O 9. Nge2 Nd7 10. h4 h5 11. Nf4 Kg7 12. Qg3 Nf6 13. Bxf7 Kxf7 14.
Qxg6+ Ke7 15. O-O-O c6 16. Qg7+ Rf7 17. Ng6+ Ke6 18. Qh6 Qg8 19. d5+ cxd5
20. Nxd5 Qg7 21. Ndf4+ Bxf4 22. Qxf4 Ne4 23. f3 Qxg6 24. fxe4 Ke7 25. Qc7+
Kf8 26. Rd8+ Kg7 27. Qe5+ Qf6 28. Qg3+ Kh6 29. Rhd1 f4 30. Qh2 Bg4 31. R8d6
Be6 32. Qxf4+ Kh7 33. Qg3 Rg8 34. Qe1 Rxg2 35. Qb4 Qf2 36. Kb1 Rc7 37. R6d2
0-1

[Event "World Blitz 2023"]
[Site "Samarkand UZB"]
[Date "2023.12.29"]
[EventDate "2023.12.29"]
[Round "11.11"]
[Result "1-0"]
[White "Anton Smirnov"]
[Black "Surya Shekhar Ganguly"]
[WhiteElo "2647"]
[BlackElo "2549"]
[PlyCount "122"]

1. e4 e5 2. Nf3 Nc6 3. Bb5 a6 4. Bxc6 dxc6 5. O-O Qf6 6. d4 exd4 7. Bg5 Qd6
8. Nxd4 c5 9. Ne2 Bg4 10. f3 Be6 11. Bf4 Qb6 12. Nbc3 Rd8 13. Qe1 Nf6 14.
Rb1 Be7 15. Kh1 O-O 16. Be3 Qc6 17. Nf4 Bc4 18. Rf2 Bd6 19. b3 Bxf4 20.
Bxf4 Be6 21. Bg5 h6 22. Bxf6 gxf6 23. Rd2 Rd4 24. Ne2 Rxd2 25. Qxd2 Kh7 26.
Rd1 f5 27. e5 c4 28. Nf4 cxb3 29. axb3 Qb5 30. Re1 Qd7 31. Qf2 Rd8 32. g3
Qd2 33. Re2 Qc1+ 34. Kg2 Rd1 35. Nh5 b6 36. Nf6+ Kg6 37. g4 fxg4 38. fxg4
Bc8 39. Ne4 Be6 40. g5 hxg5 41. Qf6+ Kh7 42. Nxg5+ Kg8 43. Nxe6 Rg1+ 44.
Kh3 fxe6 45. Qxe6+ Kh7 46. Qf7+ Kh6 47. e6 Qg5 48. Qf3 Qe7 49. Qf4+ Kh7 50.
Qh4+ Qxh4+ 51. Kxh4 Rg8 52. Rd2 Re8 53. Rd7+ Kg6 54. e7 Kf6 55. Rxc7 Rxe7
56. Rxe7 Kxe7 57. c4 Kd6 58. Kg4 Kc5 59. h4 Kb4 60. h5 Kxb3 61. h6 1-0

[Event "World Blitz 2023"]
[Site "Samarkand UZB"]
[Date "2023.12.29"]
[EventDate "2023.12.29"]
[Round "11.12"]
[Result "0-1"]
[White "Rinat Jumabayev"]
[Black "Maxim Matlakov"]
[WhiteElo "2561"]
[BlackElo "2638"]
[PlyCount "98"]

1. d4 Nf6 2. c4 e6 3. Nf3 d5 4. g3 Be7 5. Bg2 O-O 6. Nc3 Nc6 7. b3 Bb4 8.
Bb2 e5 9. O-O Bxc3 10. Bxc3 e4 11. Ne5 Ne7 12. f3 c6 13. g4 h6 14. h4 Ng6
15. h5 Nf4 16. Qd2 Nxg2 17. Kxg2 Be6 18. g5 exf3+ 19. exf3 Nxh5 20. Rh1 g6
21. gxh6 Kh7 22. Rag1 Qf6 23. Kf2 Rg8 24. Qe3 Bf5 25. cxd5 cxd5 26. Rc1
Rac8 27. a4 Rc7 28. Rcg1 Rgc8 29. Bd2 Rg8 30. Bc3 Qe7 31. Qd2 Rcc8 32. Rc1
Qd6 33. Bb4 Qf6 34. Bc3 b6 35. Rcg1 a6 36. Qe3 b5 37. axb5 axb5 38. Bd2 Rc2
39. Rc1 Rgc8 40. Rxc2 Rxc2 41. Kg2 Be6 42. Rc1 Rb2 43. Kf1 Qh4 44. Rc7 Ng3+
45. Ke1 Nf5+ 46. Qf2 Qxf2+ 47. Kxf2 Rxd2+ 48. Ke1 Rxd4 49. Ng4 Nxh6 0-1

[Event "World Blitz 2023"]
[Site "Samarkand UZB"]
[Date "2023.12.29"]
[EventDate "2023.12.29"]
[Round "11.14"]
[Result "1-0"]
[White "Aleksey Dreev"]
[Black "Sergey Grigoriants"]
[WhiteElo "2599"]
[BlackElo "2532"]
[PlyCount "66"]

1. d4 d5 2. Nf3 Nf6 3. c4 c6 4. e3 Bf5 5. Nc3 e6 6. Nh4 Be4 7. f3 Bg6 8.
Qb3 Qc7 9. Bd2 Be7 10. Nxg6 hxg6 11. O-O-O dxc4 12. Bxc4 b5 13. Bd3 a6 14.
Ne4 Nbd7 15. Kb1 Nxe4 16. Bxe4 Rc8 17. Bc3 Nf6 18. Bd3 Rxh2 19. f4 Rxh1 20.
Rxh1 Nd5 21. Bd2 c5 22. dxc5 Bxc5 23. Be4 Nf6 24. Bxg6 Ke7 25. Bc2 Ng4 26.
Rc1 Qd6 27. Bc3 Nxe3 28. Be5 Qd5 29. Bxg7 Nxc2 30. Qxc2 Rc7 31. Be5 Rc8 32.
b4 f6 33. Bb2 Qd8 1-0